Nuevo método de investigación histopatológica en la tuberculosis pulmonar (Record no. 19663)

MARC details
000 -LEADER
campo de control de longitud fija 00617nam a2200181 i 4500
001 - NÚMERO DE CONTROL
campo de control 19663
003 - IDENTIFICADOR DE NÚMERO DE CONTROL
campo de control ES-MaACL
005 - FECHA Y HORA DE LA ÚLTIMA TRANSACCIÓN
campo de control 20230906152137.0
007 - CAMPO FIJO DE DESCRIPCIÓN FÍSICA--INFORMACIÓN GENERAL
campo de control de longitud fija t|
008 - DATOS DE LONGITUD FIJA--INFORMACIÓN GENERAL
campo de control de longitud fija 021007s1927 sp ||||1| spa d
100 0# - ENTRADA PRINCIPAL--NOMBRE DE PERSONA
Nombre de persona Abelló, José
9 (RLIN) 18076
245 10 - MENCIÓN DEL TÍTULO
Título Nuevo método de investigación histopatológica en la tuberculosis pulmonar
Resto del título : induración de esputos /
Mención de responsabilidad, etc. José Abelló Pascual.
260 ## - PUBLICACIÓN, DISTRIBUCIÓN, ETC.
Lugar de publicación, distribución, etc. Madrid :
Nombre del editor, distribuidor, etc. [s.n.],
Fecha de publicación, distribución, etc. 1927 (
Fabricante José Molina)
300 ## - DESCRIPCIÓN FÍSICA
Extensión 18 p. :
Otras características físicas grab. ;
Dimensiones 25 cm.
500 ## - NOTA GENERAL
Nota general Bol. Técnico de la Dirección Gral. de Sanidad, II, nº 1.
852 ## - LOCALIZACIÓN
Ubicación ES-MaACL
Número de control de estantería 1711-F-7
Holdings
Estatus retirado Estado de pérdida Estado de daño No para préstamo Colección Biblioteca de origen Biblioteca actual Ubicación en estantería Fecha de adquisición Fuente de adquisición Total de préstamos Signatura topográfica completa Código de barras Visto por última vez Precio de reemplazo Tipo de ítem Koha
        Colección de folletos Biblioteca del Ateneo de Madrid Biblioteca del Ateneo de Madrid Depósito folletos 17/01/2008     1711-F-7 1020128 23/02/2023 23/02/2023 Folleto